000 03786cam a22006974i 4500
001 u50285
003 PE-LiUPU
005 20250731180145.0
008 150707s2002 sp a ra 001 0 spa d
020 _a8484760073
035 _a(Sirsi) i9788484760078
035 _a(Sirsi) 46263
035 _a(Sirsi) 46263
082 0 4 _a551.6
_bS39 2002
082 0 4 _a551.6
_bS39
_220
100 1 _aSeoánez Calvo, Mariano,
_eautor.
245 _aTratado de climatología aplicada a la ingeniería medioambiental /
_cFmariano Seoánez Calvo ; Elena Bellas Velasco [y otros dieciséis] (colaboradores).
264 1 _aMadrid :
_bEdiciones Mundi-Prensa,
_c2002
300 _a734 páginas :
_bilustraciones ;
_c24 centímetros.
336 _atext
_2rdacontent
337 _aunmediated
_2rdamedia
338 _avolume
_2rdacarrier
490 0 _aColección Ingeniería del Medio Ambiente
500 _aBibliografía: páginas 701-720.
504 _aÍndice: páginas 723-734.
505 0 _aEl clima y el medio ambiente. Bases de partida -- Ciencias y tecnologías de base. Aplicaciones en el análisis climático -- La atmósfera, el clima y el medio ambiente -- Radiación solar. Calor y temperatura. Análisis y sistemas de estud
526 _aSEG44
526 _aSEG26
526 _aP159
526 _aP155
526 _aP154
526 _aP153
526 _aP150
526 _aP100
526 _aP31
526 _aP30
526 _aP26
526 _aP25
526 _aP24
526 _aP22
526 _aP15
526 _aP10
596 _a1 2
650 1 4 _aClimatología e ingeniería ambiental
700 1 _aBellas Velasco, Elena,
_ecolaborador.
859 _q65640
_h551.6
_iS39
910 _agl
_bjv
_cng
_d20111011
910 _adbm
_bsag
_csag
_d20190415
942 _2ddc
_cBOOK
949 _a551.6 S39 2002
_wDEWEY
_c1
_iFT02697
_d2017-5-23
_e2017-5-18
_lCCODEBUT1
_mBUT
_n1
_p84.00
_r0
_sY
_tBOOK
_u2016-4-7
_xINGENIERIA
_PP24
_0COMPRA
_o.CIRCNOTE. Este documento es muy costoso
_o.STAFF. Colección General
949 _a551.6 S39 2002
_wDEWEY
_c2
_i63814
_f2018-2-9
_g4
_lFIA2
_mBUL
_p85.00
_r0
_sY
_tBOOK
_u2015-7-6
_xINGENIERIA
_PP24
_0COMPRA
_o.STAFF. Colección General
949 _a551.6 S39 2002
_wDEWEY
_c3
_i65002
_d2018-5-31
_e2015-8-21
_f2018-2-12
_g4
_lCCODEBUL1
_mBUL
_n2
_p84.00
_q1
_r0
_sY
_tBOOK
_u2015-7-6
_xINGENIERIA
_PP24
_0COMPRA
_o.STAFF. Colección General
949 _a551.6 S39
_wDEWEY
_c1
_i56140
_f2018-2-9
_g4
_lFIA2
_mBUL
_p36.00
_r0
_sY
_tBOOK
_u2015-7-6
_xINGENIERIA
_PP24
_0COMPRA
_o.STAFF. Colección General
949 _a551.6 S39
_wDEWEY
_c4
_i65640
_d2016-10-23
_e2016-10-23
_f2018-2-12
_g4
_lCCODEBUL1
_mBUL
_n1
_p87.00
_r0
_sY
_tBOOK
_u2015-7-6
_xINGENIERIA
_PP24
_0COMPRA
_o.STAFF. Colección General
999 _a551.6 S39
_wDEWEY
_c52706
_i65640
_f2021-11-9
_g3
_lCCODEBUL1
_mBUL
_p87.00
_r0
_sY
_tBOOK
_u2019-4-15
_xINGENIERIA
_PP24
_0COMPRA
_o.STAFF. Colección Ingeniería y Arquitectura
_d52706
999 _a551.6 S39
_wDEWEY
_c2
_i63814
_f2021-11-9
_g8
_lCCODEBUL1
_mBUL
_p85.00
_r0
_sY
_tBOOK
_u2015-7-6
_xINGENIERIA
_PP24
_0COMPRA
_o.STAFF. Colección General
999 _a551.6 S39
_wDEWEY
_c3
_i65002
_d2018-5-31
_e2015-8-21
_f2021-11-9
_g8
_lCCODEBUL1
_mBUL
_n2
_p84.00
_q1
_r0
_sY
_tBOOK
_u2015-7-6
_xINGENIERIA
_PP24
_0COMPRA
_o.STAFF. Colección Ingeniería y Arquitectura
999 _a551.6 S39
_wDEWEY
_c4
_i56140
_f2021-11-9
_g3
_lCCODEBUL1
_mBUL
_p36.00
_r0
_sY
_tBOOK
_u2019-4-15
_xINGENIERIA
_PP24
_0COMPRA
_o.STAFF. Colección Ingeniería y Arquitectura
999 _a551.6 S39 2002
_wDEWEY
_c1
_iFT02697
_d2017-5-23
_e2017-5-18
_f2019-2-20
_g1
_lCCODEBUT1
_mBUT
_n1
_p84.00
_r0
_sY
_tBOOK
_u2016-4-7
_xINGENIERIA
_PP24
_0COMPRA
_o.CIRCNOTE. Este documento es muy costoso
_o.STAFF. Colección General
980 _81
_gALBERTO SANCHEZ Responsable de Automatización